Southville International School and Colleges
Your cart is empty.
  • Cart
  • Lists
    Public lists Eva Luna New books Lux_list list_1
    Your lists Log in to create your own lists
  • Log in to your account
  • Your cookies
  • Search history
Southville International School and Colleges
  • Advanced search
  • Recent comments
  • Most popular
  • Libraries

Log in to your account

Log in with GOOGLE


If you do not have an external account, but do have a local account, you can still log in:

  1. Home
  2. MARC view: Aquamarine /
Normal view MARC view ISBD view

Aquamarine / (Record no. 33905)

[ view plain ]
MARC details
000 -LEADER
fixed length control field 01003cam a2200337 a 4500
001 - CONTROL NUMBER
control field 12041303
003 - CONTROL NUMBER IDENTIFIER
control field OSt
005 - DATE AND TIME OF LATEST TRANSACTION
control field 20140310184348.0
008 - FIXED-LENGTH DATA ELEMENTS--GENERAL INFORMATION
fixed length control field 000615s2001 nyu c 000 1 eng
010 ## - LIBRARY OF CONGRESS CONTROL NUMBER
LC control number 00055718
020 ## - INTERNATIONAL STANDARD BOOK NUMBER
International Standard Book Number 0439098645
040 ## - CATALOGING SOURCE
Original cataloging agency DLC
Transcribing agency DLC
Modifying agency DLC
042 ## - AUTHENTICATION CODE
Authentication code lcac
050 00 - LIBRARY OF CONGRESS CALL NUMBER
Classification number PZ 7
Item number .H67445Aq 2001
100 1# - MAIN ENTRY--PERSONAL NAME
Personal name Hoffman, Alice.
9 (RLIN) 23731
245 10 - TITLE STATEMENT
Title Aquamarine /
Statement of responsibility, etc Alice Hoffman.
260 ## - PUBLICATION, DISTRIBUTION, ETC. (IMPRINT)
Place of publication, distribution, etc New York :
Name of publisher, distributor, etc Scholastic Press,
Date of publication, distribution, etc 2001.
300 ## - PHYSICAL DESCRIPTION
Extent 105 p. ;
Dimensions 19 cm.
Other physical details ill. ;
521 ## - TARGET AUDIENCE NOTE
Target audience note
526 ## - STUDY PROGRAM INFORMATION NOTE
Reading level 940
650 #1 - SUBJECT ADDED ENTRY--TOPICAL TERM
Topical term or geographic name as entry element Mermaids
Form subdivision Fiction.
9 (RLIN) 24934
650 #1 - SUBJECT ADDED ENTRY--TOPICAL TERM
Topical term or geographic name as entry element Friendship
Form subdivision Fiction.
9 (RLIN) 24935
650 #1 - SUBJECT ADDED ENTRY--TOPICAL TERM
Topical term or geographic name as entry element Summer
Form subdivision Fiction.
9 (RLIN) 24936
650 #1 - SUBJECT ADDED ENTRY--TOPICAL TERM
Topical term or geographic name as entry element Beaches
Form subdivision Fiction.
9 (RLIN) 24937
650 #1 - SUBJECT ADDED ENTRY--TOPICAL TERM
Topical term or geographic name as entry element Moving, Household
Form subdivision Fiction.
9 (RLIN) 24938
906 ## - LOCAL DATA ELEMENT F, LDF (RLIN)
a 7
b cbc
c orignew
d 1
e ocip
f 20
g y-gencatlg
942 ## - ADDED ENTRY ELEMENTS (KOHA)
Source of classification or shelving scheme Library of Congress Classification
Koha item type
Holdings
Withdrawn status Lost status Source of classification or shelving scheme Damaged status Home library Current library Shelving location Date acquired Total Checkouts Full call number Barcode Date last seen Copy number Price effective from Koha item type Date checked out
    Library of Congress Classification   Luxembourg Library Luxembourg Library Scholastic Reading Center Section 10/07/2013   PZ 7 .H67445Aq 2001 LEX3198 04/18/2017 1 10/07/2013 Books  
    Library of Congress Classification   Luxembourg Library Luxembourg Library Scholastic Reading Center Section 10/08/2013 1 PZ 7 .H67445Aq 2001 LEX0796 04/18/2017 2 10/08/2013 Books 07/03/2015

Aquamarine /

APA

Hoffman A., . (2001). Aquamarine. New York: Scholastic Press.

Chicago

Hoffman Alice, . 2001. Aquamarine. New York: Scholastic Press.

Harvard

Hoffman A., . (2001). Aquamarine. New York: Scholastic Press.

MLA

Hoffman Alice, . Aquamarine. New York: Scholastic Press. 2001.

  • Place hold
  • Print
  • Cite
  • Add to your cart (remove)
  • Save record
    BIBTEX Dublin Core MARCXML MARC (non-Unicode/MARC-8) MARC (Unicode/UTF-8) MARC (Unicode/UTF-8, Standard) MODS (XML) RIS
  • More searches
    Search for this title in:
    Other Libraries (WorldCat) Other Databases (Google Scholar) Online Stores (Bookfinder.com) Open Library (openlibrary.org)

Exporting to Dublin Core...

SOUTHVILLE LIBRARY

Southville International School and Colleges Library

1281 Tropical Ave. Cor. Luxembourg St., BF Homes International, Las Pinas City

Tel. No. 8256374 / 252358 Loc. 117/146

Powered by Koha